000 00631cam a2200193 4500
001 WS107557
008 000000n 000 0 eng u
035 _a(Sirsi) u107557
245 _aGeospatial Solutions
520 _aOnline version of this US journal covering applications and trends in GIS and related spatial technologies.
650 _aGIS
650 _aUSA
650 _aSPATIAL INFORMATION
650 _aINTERNATIONAL
650 _aGeomatics
_96242
690 _aMAPPING AND MEASUREMENT
856 4 0 _uhttps://www.geospatial-online.com
_zView the website free of charge at www.geospatial-online.com...
942 _n0
999 _c119555
_d119555